[Event "ENG Chessable-ch Seniors 50+"]
[Site "Kenilworth"]
[Date "2022.05.04"]
[Round "1"]
[White "Thompson, Ian D"]
[Black "Hickman, John"]
[Result "1-0"]
[WhiteElo "2074"]
[BlackElo "1824"]
[PlyCount "91"]
[EventDate "2022.05.04"]
[EventType "swiss"]
[EventRounds "7"]
[EventCountry "ENG"]
[SourceTitle "CBM 208 Extra"]
[Source "ChessBase"]
[SourceDate "2022.07.31"]
[SourceVersion "1"]
[SourceVersionDate "2022.07.31"]
[SourceQuality "1"]

1. c4 d6 2. Nc3 e5 3. g3 Nf6 4. Bg2 g6 5. e3 Bg7 6. Nge2 0-0 7. 0-0 Re8 8. d3 c6 9. Qb3 Na6 10. d4 e4 11. f3 d5 12. cxd5 cxd5 13. Bd2 b6 14. a4 Bb7 15. a5 Re7 16. axb6 Qxb6 17. Qxb6 axb6 18. Nb5 exf3 19. Bxf3 Ne4 20. Bxe4 Rxe4 21. Nd6 Re7 22. Rfc1 Rd7 23. Nxb7 Rxb7 24. Nc3 Rd7 25. Nb5 Rdd8 26. Rc6 Nc7 27. Rxa8 Nxa8 28. g4 Bf8 29. Kf2 Be7 30. Kf3 Bg5 31. Be1 f5 32. gxf5 gxf5 33. Bg3 Kf7 34. Nd6+ Ke7 35. Nxf5+ Kd7 36. Rd6+ Kc8 37. Re6 Kb7 38. h4 Rf8 39. Kg4 Bd8 40. Rh6 Rg8+ 41. Kf3 Rf8 42. Rxh7+ Nc7 43. Bxc7 Bxc7 44. Kg4 Kc6 45. Ne7+ Kd6 46. Nxd5 1-0

[Event "BCF-chT3Sa 1718 (4NCL)"]
[Site "England"]
[Date "2018.03.24"]
[Round "7.35"]
[White "Hall, Antony C"]
[Black "Hickman, John"]
[Result "1/2-1/2"]
[WhiteElo "1890"]
[BlackElo "1878"]
[PlyCount "26"]
[EventDate "2017.11.11"]
[EventType "team-tourn"]
[EventRounds "11"]
[EventCountry "ENG"]
[SourceTitle "EXT 2020"]
[Source "ChessBase"]
[SourceDate "2019.10.17"]
[SourceVersion "1"]
[SourceVersionDate "2019.10.17"]
[SourceQuality "1"]
[WhiteTeam "Anglian Avengers II"]
[BlackTeam "Leeds University Old Boys"]
[WhiteTeamCountry "ENG"]
[BlackTeamCountry "ENG"]

1. e4 d6 2. d4 Nf6 3. Nc3 c6 4. Be2 Nbd7 5. Nf3 e5 6. 0-0 Be7 7. h3 0-0 8. Be3 Qc7 9. Qd2 Re8 10. Rad1 b5 11. a3 Bb7 12. Nh2 a6 13. f3 Rad8 1/2-1/2

[Event "Guernsey op 43rd"]
[Site "Vale"]
[Date "2017.10.19"]
[Round "5"]
[White "Murray, John Stephen"]
[Black "Hickman, John"]
[Result "1/2-1/2"]
[WhiteElo "1763"]
[BlackElo "1910"]
[PlyCount "39"]
[EventDate "2017.10.15"]
[EventType "swiss"]
[EventRounds "7"]
[EventCountry "GCI"]
[SourceTitle "CBM 181 Extra"]
[Source "ChessBase"]
[SourceDate "2017.12.12"]
[SourceVersion "1"]
[SourceVersionDate "2017.12.12"]
[SourceQuality "1"]

1. e4 d6 2. d4 Nf6 3. Nc3 g6 4. Nf3 Bg7 5. Be2 0-0 6. 0-0 c6 7. a4 Nbd7 8. Bg5 Qc7 9. Qc1 Re8 10. Re1 e5 11. dxe5 dxe5 12. Bh6 Nc5 13. Bc4 Be6 14. Bxg7 Kxg7 15. Bxe6 Nxe6 16. Rd1 a5 17. h3 Rad8 18. Qe3 Nf4 19. Kh2 Nd7 20. g3 1/2-1/2

[Event "Guernsey op 43rd"]
[Site "Vale"]
[Date "2017.10.16"]
[Round "2"]
[White "Hickman, John"]
[Black "Bowmer, Kevin"]
[Result "0-1"]
[WhiteElo "1910"]
[BlackElo "2041"]
[PlyCount "64"]
[EventDate "2017.10.15"]
[EventType "swiss"]
[EventRounds "7"]
[EventCountry "GCI"]
[SourceTitle "CBM 181 Extra"]
[Source "ChessBase"]
[SourceDate "2017.12.12"]
[SourceVersion "1"]
[SourceVersionDate "2017.12.12"]
[SourceQuality "1"]

1. e4 c5 2. Nf3 d6 3. d4 cxd4 4. Nxd4 Nf6 5. Nc3 a6 6. Be3 e5 7. Nb3 Be6 8. f3 Nbd7 9. Qd2 b5 10. 0-0-0 Nb6 11. Qf2 Nfd7 12. g4 Be7 13. h4 Nc4 14. Bxc4 bxc4 15. Nd2 0-0 16. g5 Qa5 17. h5 Rab8 18. Ndb1 Qb4 19. g6 Qxb2+ 20. Kd2 d5 21. exd5 Bf5 22. Ke1 Bb4 23. Bd2 fxg6 24. h6 gxh6 25. Rxh6 Rbe8 26. Qh2 Nf6 27. Ne4 Bxe4 28. fxe4 Ng4 29. Qh4 Nxh6 30. c3 Bc5 31. Qxh6 Qc2 32. Be3 Rf1+ 0-1

[Event "Guernsey op 42nd"]
[Site "Vale"]
[Date "2016.10.21"]
[Round "6"]
[White "Hickman, John"]
[Black "Frijling, Jeroen"]
[Result "0-1"]
[WhiteElo "1926"]
[BlackElo "1778"]
[PlyCount "86"]
[EventDate "2016.10.16"]
[EventType "swiss"]
[EventRounds "7"]
[EventCountry "GCI"]
[SourceTitle "CBM 175 Extra"]
[Source "ChessBase"]
[SourceDate "2016.12.12"]
[SourceVersion "1"]
[SourceVersionDate "2016.12.12"]
[SourceQuality "1"]

1. Nf3 d5 2. g3 c5 3. Bg2 Nc6 4. 0-0 e5 5. d3 Nf6 6. Nbd2 Be7 7. e4 d4 8. a4 0-0 9. Nc4 Qc7 10. h3 Bd7 11. Nfd2 Ne8 12. f4 f6 13. f5 Nd6 14. g4 b6 15. Nxd6 Bxd6 16. h4 Kh8 17. g5 a6 18. Qh5 Rg8 19. Nc4 Bf8 20. gxf6 gxf6 21. Qf7 Be7 22. a5 b5 23. Nb6 Raf8 24. Qd5 Be8 25. Bd2 Rg4 26. Qe6 Bf7 27. Qd7 Qxd7 28. Nxd7 Rfg8 29. Rf2 Rxh4 30. Nb6 c4 31. Nd5 Bd8 32. Kf1 Rhg4 33. Be1 h5 34. Bf3 Rg1+ 35. Ke2 R8g5 36. Rh2 Bxd5 37. exd5 Nb4 38. Bxh5 Nxc2 39. Bg6+ Kg8 40. Rc1 cxd3+ 41. Kf2 Rxe1 42. Rxe1 Nxe1 43. Kxe1 Bxa5+ 0-1

[Event "BCF-ch Week2 PM op"]
[Site "Bournemouth"]
[Date "2016.08.05"]
[Round "5"]
[White "Farrington, Edward"]
[Black "Hickman, John"]
[Result "1-0"]
[WhiteElo "1970"]
[BlackElo "1863"]
[PlyCount "209"]
[EventDate "2016.08.01"]
[EventType "swiss"]
[EventRounds "5"]
[EventCountry "ENG"]
[SourceTitle "CBM 173 Extra"]
[Source "ChessBase"]
[SourceDate "2016.08.29"]
[SourceVersion "1"]
[SourceVersionDate "2016.08.29"]
[SourceQuality "1"]

1. d4 d6 2. Nf3 g6 3. c4 Bg7 4. Nc3 Nd7 5. Bg5 Ngf6 6. Qd2 h6 7. Bf4 Nh5 8. Be3 c6 9. h3 Nb6 10. b3 d5 11. c5 Nd7 12. g4 Nhf6 13. Bf4 b6 14. cxb6 axb6 15. Ne5 Nxe5 16. Bxe5 0-0 17. Bg2 Bb7 18. 0-0 Nd7 19. Bxg7 Kxg7 20. Qf4 Qb8 21. Qxb8 Rfxb8 22. a4 Ba6 23. Rfc1 e6 24. e4 Rc8 25. Na2 Nf6 26. e5 Nd7 27. b4 Bc4 28. Nc3 c5 29. bxc5 bxc5 30. Ne4 dxe4 31. Rxc4 cxd4 32. Rxd4 Nxe5 33. Rxe4 Ra5 34. f4 Nd3 35. Bf1 Nc5 36. Rb4 Rca8 37. Bb5 Kf6 38. Kf2 g5 39. fxg5+ hxg5 40. Ke3 Ke5 41. Kf3 f5 42. gxf5 exf5 43. Re1+ Kf6 44. Rd4 Nxa4 45. Rd6+ Kg7 46. Rd7+ Kf8 47. Re5 g4+ 48. hxg4 fxg4+ 49. Kxg4 Nb6 50. Rf5+ Kg8 51. Rd6 Rb8 52. Rxb6 Rxb6 53. Bc4+ Kg7 54. Rxa5 Rb4 55. Rc5 Kf6 56. Kf4 Ke7 57. Ke5 Rb7 58. Bd5 Ra7 59. Rc3 Kd8 60. Be6 Ke7 61. Rd3 Ra5+ 62. Bd5 Ra7 63. Rh3 Kd8 64. Rh8+ Kc7 65. Rh6 Kd8 66. Bc6 Re7+ 67. Kd6 Rd7+ 68. Kc5 Rg7 69. Kb6 Ke7 70. Kc7 Kf8+ 71. Kd6 Ra7 72. Rh8+ Kg7 73. Rh4 Kf6 74. Re4 Kg5 75. Bd7 Ra6+ 76. Ke7 Ra7 77. Rg4+ Kh5 78. Rg1 Kh4 79. Ke6 Ra6+ 80. Kf5 Ra5+ 81. Kf4 Kh5 82. Bf5 Ra4+ 83. Be4 Kh6 84. Rg6+ Kh5 85. Rg8 Kh6 86. Rg6+ Kh5 87. Rd6 Rb4 88. Rf6 Ra4 89. Rf8 Kh6 90. Rg8 Rb4 91. Kf5 Rb5+ 92. Kg4 Rb6 93. Kf5 Rb5+ 94. Kf4 Rb6 95. Rh8+ Kg7 96. Rh7+ Kg8 97. Kg5 Rb5+ 98. Kf4 Rb4 99. Rc7 Ra4 100. Ke5 Ra5+ 101. Bd5+ Kf8 102. Kf6 Ra6+ 103. Be6 Ra8 104. Rh7 Ra6 105. Rh8# 1-0

[Event "BCF-ch Week2 AM op"]
[Site "Bournemouth"]
[Date "2016.08.04"]
[Round "4"]
[White "Wright, Jonathan"]
[Black "Hickman, John"]
[Result "1-0"]
[WhiteElo "1856"]
[BlackElo "1863"]
[PlyCount "115"]
[EventDate "2016.08.01"]
[EventType "swiss"]
[EventRounds "5"]
[EventCountry "ENG"]
[SourceTitle "CBM 173 Extra"]
[Source "ChessBase"]
[SourceDate "2016.08.29"]
[SourceVersion "1"]
[SourceVersionDate "2016.08.29"]
[SourceQuality "1"]

1. e4 d6 2. d4 Nf6 3. Nc3 g6 4. Be2 Bg7 5. Be3 0-0 6. h4 c6 7. h5 b5 8. hxg6 fxg6 9. Bf3 e5 10. Bg5 Nbd7 11. Nge2 b4 12. Nb1 Qa5 13. Qd2 Ba6 14. Bh6 Bxe2 15. Kxe2 exd4 16. Bxg7 Kxg7 17. Qxd4 Ne5 18. Nd2 Qa6+ 19. Kd1 c5 20. Qe3 c4 21. Qd4 c3 22. bxc3 bxc3 23. Qxc3 Rfc8 24. Qd4 Rab8 25. Be2 Qc6 26. Rc1 a5 27. f4 Rb4 28. Qa1 Ned7 29. Bf3 Qc5 30. g4 Qe3 31. c3 Rbc4 32. Be2 Rxc3 33. Rxc3 Rxc3 34. g5 Nh5 35. Bxh5 gxh5 36. Re1 Qd3 37. Qb2 Nc5 38. f5 Qg3 39. Rf1 Qe5 40. Qb8 Nd7 41. Qb7 Qe8 42. Nf3 Kf8 43. Qd5 Qe7 44. Qd4 Rd3+ 45. Qxd3 Nc5 46. Qd4 Ke8 47. e5 Qb7 48. Nd2 Qb5 49. Qc4 Qb2 50. Qc2 Qa1+ 51. Qc1 Qd4 52. exd6 Qg4+ 53. Nf3 Qxf5 54. Qe3+ Ne4 55. Nd2 Qg4+ 56. Kc2 Qc8+ 57. Kd3 Qc3+ 58. Kxe4 1-0

[Event "BCF-ch Week2 AM op"]
[Site "Bournemouth"]
[Date "2016.08.03"]
[Round "3"]
[White "Hickman, John"]
[Black "Clarke, Brandon GI"]
[Result "0-1"]
[WhiteElo "1863"]
[BlackElo "2192"]
[PlyCount "58"]
[EventDate "2016.08.01"]
[EventType "swiss"]
[EventRounds "5"]
[EventCountry "ENG"]
[SourceTitle "CBM 173 Extra"]
[Source "ChessBase"]
[SourceDate "2016.08.29"]
[SourceVersion "1"]
[SourceVersionDate "2016.08.29"]
[SourceQuality "1"]

1. Nf3 Nf6 2. g3 d5 3. Bg2 Bf5 4. 0-0 e6 5. d3 Be7 6. Nbd2 h6 7. b3 0-0 8. Bb2 c5 9. Ne5 Nbd7 10. e4 Bh7 11. f4 Rc8 12. Qe2 b5 13. c4 bxc4 14. dxc4 d4 15. Nd3 a5 16. e5 Ne8 17. Rae1 Rb8 18. Ba3 Nc7 19. Be4 Bxe4 20. Nxe4 Na6 21. Qh5 a4 22. bxa4 Nb6 23. g4 Nxc4 24. Rf3 Qd5 25. g5 Ne3 26. gxh6 g6 27. Rg3 Qxe4 28. Nf2 Qf5 29. Qf3 Rb1 0-1

[Event "BCF-ch Week2 AM op"]
[Site "Bournemouth"]
[Date "2016.08.02"]
[Round "2"]
[White "O'Gorman, Brendan"]
[Black "Hickman, John"]
[Result "0-1"]
[WhiteElo "1805"]
[BlackElo "1863"]
[PlyCount "52"]
[EventDate "2016.08.01"]
[EventType "swiss"]
[EventRounds "5"]
[EventCountry "ENG"]
[SourceTitle "CBM 173 Extra"]
[Source "ChessBase"]
[SourceDate "2016.08.29"]
[SourceVersion "1"]
[SourceVersionDate "2016.08.29"]
[SourceQuality "1"]

1. c4 e5 2. e3 d6 3. Nc3 Nf6 4. d4 Nbd7 5. Nf3 g6 6. Be2 Bg7 7. 0-0 0-0 8. dxe5 dxe5 9. e4 c6 10. Be3 Qe7 11. h3 Nc5 12. Qc2 Nh5 13. Rfd1 Ne6 14. c5 Nxc5 15. Rac1 Ne6 16. Na4 Nhf4 17. Bf1 Qf6 18. Rd6 Nxh3+ 19. Kh1 Nhf4 20. Nc5 Qe7 21. Rcd1 Ng5 22. Nxg5 Qxg5 23. Qd2 Qh4+ 24. Kg1 Qe7 25. f3 Ne6 26. Bc4 Nd4 0-1

[Event "BCF-ch Week2 PM op"]
[Site "Bournemouth"]
[Date "2016.08.01"]
[Round "1"]
[White "Watson, Mikey J"]
[Black "Hickman, John"]
[Result "0-1"]
[WhiteElo "1494"]
[BlackElo "1863"]
[PlyCount "72"]
[EventDate "2016.08.01"]
[EventType "swiss"]
[EventRounds "5"]
[EventCountry "ENG"]
[SourceTitle "CBM 173 Extra"]
[Source "ChessBase"]
[SourceDate "2016.08.29"]
[SourceVersion "1"]
[SourceVersionDate "2016.08.29"]
[SourceQuality "1"]

1. e4 d6 2. d4 Nf6 3. Nc3 g6 4. Nf3 Bg7 5. h3 0-0 6. Be3 c6 7. Be2 b5 8. a3 Qc7 9. 0-0 Nbd7 10. Qc1 Bb7 11. Bh6 a6 12. Bxg7 Kxg7 13. b4 e5 14. dxe5 dxe5 15. Qe3 c5 16. Rad1 Rac8 17. Nd5 Nxd5 18. exd5 cxb4 19. axb4 Qxc2 20. Rc1 Qf5 21. Bd3 Qf6 22. Be4 Qd6 23. Rxc8 Rxc8 24. Nh4 Qxb4 25. Rb1 Qc5 26. Qf3 Nf6 27. Rd1 Qc4 28. Bf5 Rd8 29. Qg3 Rxd5 30. Bd3 Qf4 31. Nf5+ Kf8 32. Qxf4 exf4 33. Nh4 Rd7 34. Nf3 Be4 35. Be2 Rxd1+ 36. Bxd1 b4 0-1

[Event "BCF-ch Weekend op"]
[Site "Bournemouth"]
[Date "2016.07.30"]
[Round "3"]
[White "Ai, Farshad"]
[Black "Hickman, John"]
[Result "0-1"]
[WhiteElo "1956"]
[BlackElo "1863"]
[PlyCount "92"]
[EventDate "2016.07.29"]
[EventType "swiss"]
[EventRounds "5"]
[EventCountry "ENG"]
[SourceTitle "CBM 173 Extra"]
[Source "ChessBase"]
[SourceDate "2016.08.29"]
[SourceVersion "1"]
[SourceVersionDate "2016.08.29"]
[SourceQuality "1"]

1. c4 e5 2. g3 d6 3. Bg2 f5 4. Nc3 Nf6 5. d3 Be7 6. e4 c6 7. Nge2 0-0 8. 0-0 Be6 9. b3 Na6 10. exf5 Bxf5 11. d4 e4 12. d5 Nc5 13. dxc6 bxc6 14. Nd4 Qd7 15. Nxf5 Qxf5 16. Be3 d5 17. cxd5 cxd5 18. f3 Qe6 19. Bd4 Rac8 20. Rc1 Nd3 21. Rc2 Bc5 22. Bxc5 Rxc5 23. Ne2 Rxc2 24. Qxc2 Qb6+ 25. Kh1 Nf2+ 26. Kg1 N2g4+ 27. Kh1 Ne3 28. Qc1 Nxf1 29. Qxf1 Ng4 30. Nf4 Nf2+ 31. Kg1 Nh3+ 32. Kh1 Nxf4 33. gxf4 Rxf4 34. Qc1 Qb8 35. fxe4 dxe4 36. Qc4+ Kh8 37. Qe2 Qe5 38. h3 h6 39. Kg1 e3 40. Bf3 Rd4 41. Qg2 Rd2 42. Be2 Kh7 43. h4 Qd4 44. h5 Rd1+ 45. Kh2 Qh4+ 46. Qh3 Rh1+ 0-1

[Event "BCF-ch Weekend op"]
[Site "Bournemouth"]
[Date "2016.07.30"]
[Round "2"]
[White "Hickman, John"]
[Black "Roebuck, Derek"]
[Result "1-0"]
[WhiteElo "1863"]
[BlackElo "1729"]
[PlyCount "65"]
[EventDate "2016.07.29"]
[EventType "swiss"]
[EventRounds "5"]
[EventCountry "ENG"]
[SourceTitle "CBM 173 Extra"]
[Source "ChessBase"]
[SourceDate "2016.08.29"]
[SourceVersion "1"]
[SourceVersionDate "2016.08.29"]
[SourceQuality "1"]

1. Nf3 Nc6 2. e4 e5 3. Bb5 f5 4. d3 fxe4 5. dxe4 Nf6 6. Qe2 Bc5 7. Nc3 Nd4 8. Nxd4 Bxd4 9. Bc4 d6 10. Bg5 h6 11. Be3 Bxc3+ 12. bxc3 Qe7 13. Rb1 b6 14. 0-0 Be6 15. Bb5+ Bd7 16. Qc4 Bxb5 17. Rxb5 c5 18. f4 Rf8 19. a4 exf4 20. Rxf4 d5 21. Qe2 Nxe4 22. Qh5+ g6 23. Qxg6+ Kd7 24. Qg4+ Kc6 25. c4 Rxf4 26. cxd5+ Kxd5 27. Bxf4 Ng5 28. Qd1+ Kc6 29. Rb3 Rd8 30. Qf1 Kb7 31. Re3 Qd7 32. h4 Nf7 33. Qf3+ 1-0

[Event "BCF-ch Week1 PM op"]
[Site "Bournemouth"]
[Date "2016.07.29"]
[Round "5"]
[White "Harman, Kenneth B"]
[Black "Hickman, John"]
[Result "1-0"]
[WhiteElo "2143"]
[BlackElo "1863"]
[PlyCount "95"]
[EventDate "2016.07.25"]
[EventType "swiss"]
[EventRounds "5"]
[EventCountry "ENG"]
[SourceTitle "CBM 173 Extra"]
[Source "ChessBase"]
[SourceDate "2016.08.29"]
[SourceVersion "1"]
[SourceVersionDate "2016.08.29"]
[SourceQuality "1"]

1. e4 d6 2. d4 Nf6 3. Nc3 c6 4. f4 Qa5 5. Bd3 e5 6. Nf3 Nbd7 7. 0-0 Be7 8. Ne2 0-0 9. c3 d5 10. Nxe5 Nxe4 11. Bxe4 dxe4 12. Ng3 Nf6 13. Qe2 Qd5 14. Be3 Qb5 15. c4 Qa5 16. Bd2 Qb6 17. Bc3 Rd8 18. Nxe4 Rxd4 19. Bxd4 Qxd4+ 20. Nf2 Be6 21. g3 Bc5 22. Rad1 Qe4 23. Qxe4 Nxe4 24. Ned3 Nxf2 25. Nxf2 Bxc4 26. Rfe1 Bxa2 27. Rd7 b6 28. Ra1 Be6 29. Rdxa7 Rxa7 30. Rxa7 Kf8 31. Rc7 Bd5 32. Kf1 Bd4 33. Nd3 Bc4 34. Ke2 c5 35. Kd2 Bxd3 36. Kxd3 Bxb2 37. Rb7 Bd4 38. g4 Bg1 39. h3 g6 40. Kc4 Kg7 41. Rxb6 h5 42. gxh5 gxh5 43. Kd5 f6 44. Ke6 Bd4 45. Rb7+ Kg6 46. Rb8 h4 47. Rg8+ Kh7 48. Rg4 1-0

[Event "BCF-ch Week1 PM op"]
[Site "Bournemouth"]
[Date "2016.07.26"]
[Round "2"]
[White "Villiers, Thomas"]
[Black "Hickman, John"]
[Result "1-0"]
[WhiteElo "2101"]
[BlackElo "1863"]
[PlyCount "77"]
[EventDate "2016.07.25"]
[EventType "swiss"]
[EventRounds "5"]
[EventCountry "ENG"]
[SourceTitle "CBM 173 Extra"]
[Source "ChessBase"]
[SourceDate "2016.08.29"]
[SourceVersion "1"]
[SourceVersionDate "2016.08.29"]
[SourceQuality "1"]

1. e4 d6 2. Nc3 g6 3. Bc4 Bg7 4. f4 c5 5. Nf3 Nc6 6. 0-0 e6 7. d3 Nge7 8. Qe1 0-0 9. Qh4 Nd4 10. f5 gxf5 11. Bh6 Ng6 12. Qh5 Nxf3+ 13. Rxf3 Qh4 14. Qxh4 Nxh4 15. Rg3 Ng6 16. Bxg7 Kxg7 17. exf5 exf5 18. Nb5 Rd8 19. Nc7 Rb8 20. Rd1 f4 21. Rg5 h6 22. Rd5 a6 23. Rxd6 Rxd6 24. Ne8+ Kf8 25. Nxd6 Bd7 26. Bxf7 Ne7 27. Be6 Bc6 28. Rf1 Nd5 29. Ne4 c4 30. dxc4 Ne3 31. Rxf4+ Ke7 32. Bd5 Nxd5 33. cxd5 Bxd5 34. Nc3 Bc6 35. Ne2 Rg8 36. g3 Bd5 37. c4 Bf7 38. Nd4 h5 39. Nf5+ 1-0

[Event "BCF-ch Week1 PM op"]
[Site "Bournemouth"]
[Date "2016.07.25"]
[Round "1"]
[White "Lovell, William Pm"]
[Black "Hickman, John"]
[Result "0-1"]
[WhiteElo "1503"]
[BlackElo "1863"]
[PlyCount "62"]
[EventDate "2016.07.25"]
[EventType "swiss"]
[EventRounds "5"]
[EventCountry "ENG"]
[SourceTitle "CBM 173 Extra"]
[Source "ChessBase"]
[SourceDate "2016.08.29"]
[SourceVersion "1"]
[SourceVersionDate "2016.08.29"]
[SourceQuality "1"]

1. d4 d6 2. Nf3 g6 3. g3 Bg7 4. Bg2 Nd7 5. c4 Ngf6 6. 0-0 0-0 7. Qc2 c6 8. b3 Re8 9. Bb2 e5 10. Re1 e4 11. Ng5 e3 12. f4 Nf8 13. Nc3 Bf5 14. Qc1 h5 15. Nd1 Qe7 16. Qc3 h4 17. Bc1 hxg3 18. hxg3 Ng4 19. Nf3 Nh7 20. Nh4 c5 21. Nxf5 gxf5 22. Bb2 Bxd4 23. Qc2 Qf6 24. Bxb7 Qh6 25. Bxd4 Qh2+ 26. Kf1 Qxg3 27. Bg2 Qxf4+ 28. Kg1 cxd4 29. Qd3 Ng5 30. Rb1 Nh3+ 31. Bxh3 Qh2+ 0-1

[Event "Crawley e2e4 Gatwick op"]
[Site "Crawley"]
[Date "2016.02.21"]
[Round "4"]
[White "Wei, Naomi"]
[Black "Hickman, John"]
[Result "0-1"]
[WhiteElo "1765"]
[BlackElo "1962"]
[PlyCount "78"]
[EventDate "2016.02.19"]
[EventType "swiss"]
[EventRounds "5"]
[EventCountry "ENG"]
[SourceTitle "CBM 171 Extra"]
[Source "ChessBase"]
[SourceDate "2016.04.26"]
[SourceVersion "1"]
[SourceVersionDate "2016.04.26"]
[SourceQuality "1"]

1. d4 d6 2. c4 e5 3. d5 f5 4. e4 fxe4 5. Nc3 Nf6 6. Nge2 Na6 7. Ng3 Nc5 8. b4 Nd3+ 9. Bxd3 exd3 10. Qxd3 Be7 11. 0-0 0-0 12. h3 Bd7 13. Be3 Be8 14. f4 exf4 15. Rxf4 Bg6 16. Qe2 a5 17. bxa5 Rxa5 18. Qf2 Nd7 19. Nce4 Ne5 20. Qf1 Qa8 21. Rxf8+ Bxf8 22. Qe2 Ra4 23. Bd4 Qa6 24. Nc5 Qxc4 25. Bxe5 Qxc5+ 26. Kh2 dxe5 27. Qxe5 Qd4 28. Qe6+ Bf7 29. Qd7 Qxa1 30. Qxa4 Bxd5 31. Qg4 Qxa2 32. Nf5 Be6 33. Nh6+ Kh8 34. Qf3 Bd6+ 35. Kg1 Qa1+ 36. Kf2 Qf6 37. Qxf6 gxf6 38. g4 Kg7 39. Nf5+ Bxf5 0-1

[Event "Crawley e2e4 Gatwick op"]
[Site "Crawley"]
[Date "2016.02.20"]
[Round "3"]
[White "Hickman, John"]
[Black "Wilson, Matthew R"]
[Result "1/2-1/2"]
[WhiteElo "1962"]
[BlackElo "1823"]
[PlyCount "116"]
[EventDate "2016.02.19"]
[EventType "swiss"]
[EventRounds "5"]
[EventCountry "ENG"]
[SourceTitle "CBM 171 Extra"]
[Source "ChessBase"]
[SourceDate "2016.04.26"]
[SourceVersion "1"]
[SourceVersionDate "2016.04.26"]
[SourceQuality "1"]

1. e4 c5 2. Nf3 e6 3. d4 cxd4 4. Nxd4 a6 5. Nc3 Qc7 6. Bd3 Nf6 7. 0-0 b5 8. a3 Bb7 9. Qe2 d6 10. f4 Nbd7 11. Kh1 Be7 12. Bd2 0-0 13. Rae1 Nc5 14. f5 e5 15. Nf3 Rfe8 16. Rg1 Bf8 17. Bg5 Be7 18. g4 d5 19. Bxf6 Bxf6 20. g5 dxe4 21. Nxe4 Nxe4 22. Bxe4 Bd8 23. Rd1 Rc8 24. Rd2 Bxe4 25. Qxe4 Qc6 26. Qxc6 Rxc6 27. Rgd1 Bb6 28. Nxe5 Rcc8 29. Nf3 Kf8 30. c3 Rc5 31. Nd4 Rce5 32. Kg2 Bxd4 33. Rxd4 Rxf5 34. h4 Rfe5 35. R1d2 h6 36. gxh6 gxh6 37. Kf2 Rf5+ 38. Kg3 Re3+ 39. Kg2 Re6 40. Rd6 h5 41. Rxe6 fxe6 42. Rd6 e5 43. Rxa6 Ke7 44. Rg6 e4 45. Rg3 Ke6 46. Re3 Ke5 47. Kg3 Rf4 48. b3 Rg4+ 49. Kf2 Rxh4 50. Rg3 Kf4 51. Rg8 e3+ 52. Kf1 Ke4 53. c4 bxc4 54. bxc4 Kd3 55. Rd8+ Kxc4 56. Ke2 Re4 57. Rd3 h4 58. Rxe3 Rxe3+ 1/2-1/2

[Event "Crawley e2e4 Gatwick op"]
[Site "Crawley"]
[Date "2016.02.20"]
[Round "2"]
[White "Wadsworth, Matthew J"]
[Black "Hickman, John"]
[Result "1-0"]
[WhiteElo "2274"]
[BlackElo "1962"]
[PlyCount "125"]
[EventDate "2016.02.19"]
[EventType "swiss"]
[EventRounds "5"]
[EventCountry "ENG"]
[SourceTitle "CBM 171 Extra"]
[Source "ChessBase"]
[SourceDate "2016.04.26"]
[SourceVersion "1"]
[SourceVersionDate "2016.04.26"]
[SourceQuality "1"]

1. c4 d6 2. g3 Nf6 3. Bg2 g6 4. Nc3 Bg7 5. e4 0-0 6. Nge2 e5 7. d3 c6 8. 0-0 Be6 9. h3 Qd7 10. Kh2 Na6 11. f4 h5 12. Rf3 Nh7 13. Be3 Nc7 14. Rc1 d5 15. fxe5 Bxe5 16. d4 Bg7 17. exd5 cxd5 18. c5 Nf6 19. Rf1 Rfe8 20. Bf4 Nb5 21. Be5 Nxc3 22. Nxc3 Ne4 23. Bxg7 Kxg7 24. Qf3 Bf5 25. Qf4 Nxc3 26. Rxc3 Re2 27. Rf2 Rae8 28. Rcf3 R8e4 29. Qb8 Rxf2 30. Rxf2 Re3 31. h4 a6 32. b3 Re8 33. Qf4 Be4 34. Qf6+ Kg8 35. Bh3 Qe7 36. Qb6 Bd3 37. Bg2 Be4 38. c6 bxc6 39. Qxc6 Bxg2 40. Rxg2 Qe4 41. Qxa6 Qxd4 42. Qa5 Qd1 43. Qd2 Qxd2 44. Rxd2 Ra8 45. a4 Rb8 46. Rb2 Kf8 47. b4 Ke7 48. Kg2 Kd6 49. Kf3 Ke5 50. Ke3 d4+ 51. Kd3 Kd5 52. b5 Kc5 53. Rc2+ Kb4 54. Rc4+ Ka5 55. Rxd4 Re8 56. Re4 Rd8+ 57. Ke3 Rd1 58. Rf4 f5 59. Rd4 Rg1 60. Kf4 Rb1 61. Kg5 Rb3 62. Kxg6 Rxg3+ 63. Kxh5 1-0

[Event "Birmingham 4NCL op-B 7th"]
[Site "Birmingham"]
[Date "2016.01.31"]
[Round "4"]
[White "Williams, Stephen"]
[Black "Hickman, John"]
[Result "0-1"]
[WhiteElo "1747"]
[BlackElo "1965"]
[PlyCount "90"]
[EventDate "2016.01.29"]
[EventType "swiss"]
[EventRounds "5"]
[EventCountry "ENG"]
[SourceTitle "CBM 170 Extra"]
[Source "ChessBase"]
[SourceDate "2016.02.25"]
[SourceVersion "1"]
[SourceVersionDate "2016.02.25"]
[SourceQuality "1"]

1. d4 d6 2. c4 e5 3. dxe5 dxe5 4. Qxd8+ Kxd8 5. Nc3 c6 6. f4 Be6 7. e4 exf4 8. Bxf4 Nd7 9. Nf3 Bc5 10. Ng5 Ke7 11. Nxe6 Kxe6 12. 0-0-0 Ngf6 13. Be2 Ne5 14. h3 Rad8 15. Rhf1 Bd4 16. Kc2 Rd7 17. Bxe5 Kxe5 18. Rf5+ Ke6 19. Bf3 Rhd8 20. Na4 b6 21. Nc3 g6 22. Rf4 Be3 23. Rxd7 Rxd7 24. Bg4+ Nxg4 25. Rxg4 Rd2+ 26. Kb3 h5 27. Rg3 Bf4 28. Rf3 Be5 29. g4 hxg4 30. hxg4 Rg2 31. Rd3 Ke7 32. Re3 Rxg4 33. Re2 Rg1 34. Kc2 g5 35. Nd1 g4 36. Ne3 g3 37. Ng2 Kf6 38. Ne3 Kg5 39. b3 Kf4 40. Kd2 Kf3 41. Nf5 Bf4+ 42. Ne3 Rg2 43. Rxg2 Bxe3+ 44. Kd3 Kxg2 45. Kxe3 Kf1 0-1

[Event "Birmingham 4NCL op-B 7th"]
[Site "Birmingham"]
[Date "2016.01.30"]
[Round "3"]
[White "Hickman, John"]
[Black "Coburn, Joseph A"]
[Result "1-0"]
[WhiteElo "1965"]
[BlackElo "1776"]
[PlyCount "71"]
[EventDate "2016.01.29"]
[EventType "swiss"]
[EventRounds "5"]
[EventCountry "ENG"]
[SourceTitle "CBM 170 Extra"]
[Source "ChessBase"]
[SourceDate "2016.02.25"]
[SourceVersion "1"]
[SourceVersionDate "2016.02.25"]
[SourceQuality "1"]

1. e4 d6 2. d4 Nf6 3. Nc3 e5 4. Nf3 Bg4 5. dxe5 Bxf3 6. Qxf3 dxe5 7. Be3 Bb4 8. Rd1 Qe7 9. Bc4 Nbd7 10. 0-0 Bxc3 11. bxc3 Nc5 12. Qg3 Ncxe4 13. Qxg7 Rg8 14. Qh6 Nd6 15. Be2 0-0-0 16. Qh4 Rg6 17. Bxa7 Rdg8 18. g3 Qe6 19. Kg2 Nf5 20. Qa4 Rh6 21. Bc5 Nd4 22. cxd4 Qh3+ 23. Kf3 Qg4+ 24. Ke3 Nd5+ 25. Kd2 Qxe2+ 26. Kc1 Ra6 27. Qb3 c6 28. Rde1 Qg4 29. Rxe5 Kc7 30. c4 f6 31. Ree1 b6 32. cxd5 bxc5 33. Re7+ Kd6 34. Rfe1 Qg5+ 35. f4 Qxd5 36. R1e6+ 1-0